书目信息 |
| 题名: |
布莱希特与方法
|
|
| 作者: | 詹姆逊 著 ;陈永国 译 | |
| 分册: | ||
| 出版信息: | 北京 中国社会科学出版社 1998 |
|
| 页数: | 201页 | |
| 开本: | 20cm | |
| 丛书名: | 知识分子图书馆 | |
| 单 册: | ||
| 中图分类: | J805.516 | |
| 科图分类: | ||
| 主题词: | 戏剧--艺术理论 | |
| 电子资源: | ||
| ISBN: | 7-5004-2297-0 | |
| 000 | 00711nam0 2200229 45 | |
| 001 | 0206190833 | |
| 005 | 20031219104056.7 | |
| 010 | @a7-5004-2297-0@dCNY13.00 | |
| 100 | @a20020619d1998 km y0chiy0120 ea | |
| 101 | 0 | @achi@ceng |
| 105 | @a z 000yy | |
| 200 | 1 | @a布莱希特与方法@ABu Lai Xi Te Yu Fang Fa@f(美)弗雷德里克·詹姆逊著@F(Mei)Fu Lei De Li Ke·Zhan Mu Xun Zhu@g陈永国译 |
| 210 | @a北京@c中国社会科学出版社@d1998 | |
| 215 | @a201页@d20cm | |
| 225 | @a知识分子图书馆@v6 | |
| 410 | @12001 @a知识分子图书馆 | |
| 606 | 0 | @a戏剧@x艺术理论 |
| 690 | @aJ805.516@v4 | |
| 701 | 0 | @a詹姆逊@4著 |
| 702 | 0 | @a陈永国@AChen Yong Guo@4译 |
| 801 | @aCN@bTSTC@c20020619 | |
| 905 | @b312310-314@dJ805.516@e41@f5 | |
| 布莱希特与方法/(美)弗雷德里克·詹姆逊著/陈永国译.-北京:中国社会科学出版社,1998 |
| 201页;20cm.-(知识分子图书馆;6) |
| ISBN 7-5004-2297-0:CNY13.00 |
| ● |
| 相关链接 |
|
|
|
|
正题名:布莱希特与方法
索取号:J805.516/41
 
预约/预借
| 序号 | 登录号 | 条形码 | 馆藏地/架位号 | 状态 | 备注 |
| 1 | 0312310 | 203123100 | 第一借阅区/ [索取号:J805.516/41] | 在馆 | |
| 2 | 0312311 | 203123119 | 第一借阅区/ [索取号:J805.516/41] | 在馆 | |
| 3 | 0312312 | 203123128 | 第一借阅区/ [索取号:J805.516/41] | 在馆 | |
| 4 | 0312313 | 203123137 | 第一借阅区/ [索取号:J805.516/41] | 在馆 | |
| 5 | 0312314 | 203123146 | 第一样本阅览室/ [索取号:J805.516/41] | 在馆 |